Buddhism in India and abroad (Record no. 975703)

MARC details
000 -LEADER
fixed length control field 01109nam a2200289Ia 4500
003 - CONTROL NUMBER IDENTIFIER
control field OSt
005 - DATE AND TIME OF LATEST TRANSACTION
control field 20221005070124.0
008 - FIXED-LENGTH DATA ELEMENTS--GENERAL INFORMATION
fixed length control field 221004b |||||||| |||| 00| 0 eng d
020 ## - INTERNATIONAL STANDARD BOOK NUMBER
International Standard Book Number 8170392136
037 ## - SOURCE OF ACQUISITION
Terms of availability Textual
040 ## - CATALOGING SOURCE
Original cataloging agency CRL
Transcribing agency CRL
Language of cataloging eng
041 ## - LANGUAGE CODE
Source of code eng
Language code of text/sound track or separate title eng
110 ## - MAIN ENTRY--CORPORATE NAME
Corporate name or jurisdiction name as entry element Mumbai, K. J. Somaiya Centre of Buddhist Studies
9 (RLIN) 605334
111 ## - MAIN ENTRY--MEETING NAME
Meeting name or jurisdiction name as entry element International Seminar on buddhism (Marc-0, 1 : Bombay India)
9 (RLIN) 605335
245 #0 - TITLE STATEMENT
Title Buddhism in India and abroad
Remainder of title An integrating influence in Vedic and Post-Vedic perspective edited by Kalpakam Sankarnarayan; Motohiro Yoritomi and Shubhada A. Joshi
260 ## - PUBLICATION, DISTRIBUTION, ETC.
Place of publication, distribution, etc. Mumbai
Name of publisher, distributor, etc. Somaiya Publications Pvt. Ltd. India
Date of publication, distribution, etc. 1996
300 ## - PHYSICAL DESCRIPTION
Extent 372p. Plates and figures
Dimensions cm.
650 ## - SUBJECT ADDED ENTRY--TOPICAL TERM
Topical term or geographic name entry element RELIGION
650 ## - SUBJECT ADDED ENTRY--TOPICAL TERM
Topical term or geographic name entry element BUDDHISM
700 ## - ADDED ENTRY--PERSONAL NAME
Personal name Mumbai, K. J. Somaiya Centre of Buddhist Studies
9 (RLIN) 605336
942 ## - ADDED ENTRY ELEMENTS (KOHA)
Classification part Q4p2,N95, N6
Koha item type Textual
Source of classification or shelving scheme
Holdings
Withdrawn status Lost status Damaged status Not for loan Home library Current library Date acquired Source of acquisition Cost, normal purchase price Total Checkouts Full call number Barcode Date last seen Cost, replacement price Price effective from Koha item type
        Central Library Central Library 2022-10-05 581, 30/03/2005, Eastern Book Linkers 800.00   Q4p2,N95 N6 CL1212418 2022-10-05 800.00 2022-10-05 Textual
Copyright @ Delhi University Library System